Engineering mathematics part-II (Record no. 136743)

000 -LEADER
fixed length control field 00265nam a2200109Ia 4500
008 - FIXED-LENGTH DATA ELEMENTS--GENERAL INFORMATION
fixed length control field 220120s9999||||xx |||||||||||||| ||und||
100 ## - MAIN ENTRY--PERSONAL NAME
Personal name D.S.C
245 #0 - TITLE STATEMENT
Title Engineering mathematics part-II
260 ## - PUBLICATION, DISTRIBUTION, ETC.
Place of publication, distribution, etc. Prism books
Date of publication, distribution, etc. 2001
300 ## - PHYSICAL DESCRIPTION
Other physical details 0
650 ## - SUBJECT ADDED ENTRY--TOPICAL TERM
Topical term or geographic name entry element COMPUTER SCIENCE
Holdings
Withdrawn status Lost status Damaged status Not for loan Collection code Home library Current library Date acquired Barcode Date last seen Price effective from Koha item type
        Humanity Science Central Library Central Library 01/20/2022 GF602 01/20/2022 01/20/2022 Gift Books

Powered by Koha